| 000 | 01414nam0a2200301 4500 | ||
|---|---|---|---|
| 001 | RU\NLR\bibl\939853 | ||
| 005 | 20260407143555.0 | ||
| 010 |
_a5-7456-0140-X _9100 |
||
| 021 |
_aRU _b2006-17432 _9866 |
||
| 035 | _a(NLR Aleph) 000928038 | ||
| 090 |
_a142038 _c142038 |
||
| 100 | _a20060427d2006 |||y0rusy50 ca | ||
| 101 | 0 | _arus | |
| 102 | _aRU | ||
| 105 | _aa ||||||||| | ||
| 200 | 1 |
_aКозлятник восточный в рационах сельскохозяйственных животных и птицы _eпрактическое руководство _fМ-во сел. хоз-ва Респ. Башкортостан, Башк. гос. аграр. ун-т _g[подгот.: Хазиахметов Ф.С., к.с.-х.н., доц. и др.] |
|
| 210 |
_aУфа _cБГАУ _d2006 |
||
| 215 |
_a21 с. _d20 |
||
| 606 | 1 |
_aКозлятник восточный _jПрактические пособия _xКормовое использование _92059466 _3RU\NLR\auth\661234799 |
|
| 686 | _aП545.189я8 | ||
| 702 | 1 |
_aХазиахметов _bФ. С. _gФаил Сабирянович _4220 |
|
| 712 | 0 | 2 |
_4570 _aБашкирский государственный аграрный университет _cУфа _3RU\NLR\AUTH\8810015798 _9529456 |
| 801 | 0 |
_aRU _bNLR _c20060427 _grcr |
|
| 801 | 1 |
_aRU _bNLR _c20060427 |
|
| 830 | _aсост. по кн. | ||
| 942 | _cBOOK | ||
| 980 | _aNB | ||